Normal view
MARC view
- Delhi (India)
Entry Geographic Name
001 - CONTROL NUMBER
- control field: 3728
003 - CONTROL NUMBER IDENTIFIER
- control field: NUST
005 - DATE AND TIME OF LATEST TRANSACTION
- control field: 20170803115957.0
008 - FIXED-LENGTH DATA ELEMENTS
- fixed length control field: 170803|| aca||aabn | a|a d
040 ## - CATALOGING SOURCE
- Original cataloging agency: NUST
- Transcribing agency: NUST
151 ## - HEADING--GEOGRAPHIC NAME
- Geographic name: Delhi (India)
- Form subdivision: Gazetteers.
670 ## - SOURCE DATA FOUND
- Source citation: Work cat.: (NUST)0: A Gazetteer of Delhi, 1883-84., 2000.
